000 01048nam a22002537a 4500
008 240610b mp ||||| |||| 00| 0 mon d
020 _a978-99973-1-573-1
035 _a25405
040 _aHUV0167120
_bmon
_cMN-UlNLM
_dMN-UlNLM
_erda
041 _amon
042 _a66583
084 _2NNA
_a84.8(7АНУ)
_bК.414
100 _aКинни Ж.
245 0 _aДүрсгүй жаалын өдрийн тэмдэглэл=Diary of a Wimpy Kid:Родрикийн дүрэм
264 _aУлаанбаатар
_bЦэнхэр гүзээлзгэнэ
_c2018
300 _a230х.
336 _2rdacontent
_atext
_btxt
337 _2rdamedia
_aunmediated
_bn
338 _2rdacarrier
_avolume
_bnc
490 _v3
650 _aДунд сургуульд тохиолдсон адал явдлуудын тухай Грегийн тэмдэглэл. Сахлаа өдөрт хоёр удаа хусах шаардлагатай томоохон биетэй хөвг...
942 _2NNA
_cBK
999 _c1057469
_d1057526